Länder mit den meisten Buddhisten - Statistiken

Allgemein
  • Dieses Quiz wurde 673 mal gespielt
  • Das Durchschnittsergebnis liegt bei 13 aus 15
Antwortstatistiken
Platz Land Anzahl an Buddhisten
Anteil in %
% Korrekt
1. China 86,66 Mio. 6,2%
100%
2. Japan 84,35 Mio. 66,8%
97%
10. Indien 9,57 Mio. 0,7%
96%
3. Thailand 64,06 Mio. 92%
94%
8. Vietnam 11,77 Mio. 12,2%
92%
12. Laos 4,79 Mio. 66,8%
91%
7. Südkorea 12,51 Mio. 24,2%
89%
13. Nepal 2,58 Mio. 9%
88%
5. Kambodscha 15,81 Mio. 95,9%
87%
4. Myanmar 48,1 Mio. 89%
86%
11. Malaysia 6,33 Mio. 19,8%
84%
9. Taiwan 11,55 Mio. 49%
76%
15. Mongolei 1,71 Mio. 53%
74%
14. Singapur 1,93 Mio. 33,9%
72%
6. Sri Lanka 15,31 Mio. 70,2%
72%
Keine übereinstimmenden Quizze gefunden
Verteilung der Resultate
Anzahl Personen mit jedem Resultat
Perzentil nach korrekt beantworteten Fragen
Ihre Resultats-Entwicklung
Sie haben dieses Quiz noch nicht gespielt